000 00980nam0a22002531 4500
001 rc\411633
005 20250621075117.0
035 _a(NLR Aleph) 005659539
090 _a6858139
_c6858139
100 _a20030616d1988 |||y0rusy50 ca
101 0 _arus
_aeng
102 _aRU
105 _aa |||||||||
200 1 _aАртек
_dArtek
_eФотоальбом о Всесоюз. орденов Труд. Красного Знамени и Дружбы народов пионер. лагере "Артек" им. В.И. Ленина
_f[Авт. фот. С.В. Горбачев
_gАвт. текста Л.Н. Вахнина]
205 _a[2-е изд.]
210 _aКиев
_cМыстэцтво
_d1988
215 _a118, [1] с.
_cв основном ил., цв. ил.
_d22х21
300 _aТекст парал.: рус., англ.
510 0 _aArtek
801 0 _aRU
_bNLR
_gpsbo
801 1 _aRU
_bELAR
_2rusmarc
852 _aNLR
_bЭ
_jАлТ63/2-А860
942 _cBOOK
980 _aNB